[Event "Szolnok Agora op 2nd"]
[Site "Szolnok"]
[Date "2023.07.01"]
[Round "6"]
[White "Balog, Imre"]
[Black "Torok, Tamas Titusz"]
[Result "0-1"]
[WhiteElo "1804"]
[BlackElo "1962"]
[PlyCount "76"]
[EventDate "2023.06.29"]
[EventType "swiss"]
[EventRounds "7"]
[EventCountry "HUN"]
[SourceTitle "EXT 2024"]
[Source "ChessBase"]
[SourceDate "2023.10.10"]
[SourceVersion "1"]
[SourceVersionDate "2023.10.10"]
[SourceQuality "1"]

1. d4 d5 2. Nf3 Nc6 3. g3 Bf5 4. Bg2 Nb4 5. Na3 e6 6. c3 Nc6 7. Nc2 Nf6 8. 0-0 Bd6 9. Nfe1 h6 10. Nd3 Nd7 11. b3 Be4 12. Be3 Qf6 13. Nce1 Bxg2 14. Nxg2 Ne7 15. Bf4 Nf5 16. Bxd6 Nxd6 17. f3 Qg6 18. Qd2 f6 19. Rae1 0-0 20. Ndf4 Qf7 21. e4 Rfe8 22. Re2 Rad8 23. Rfe1 dxe4 24. fxe4 c6 25. Nd3 e5 26. Qb2 b6 27. Qa3 Nb5 28. Qb2 exd4 29. cxd4 Nxd4 30. Qxd4 Nc5 31. Qc3 Nxd3 32. Rf1 Ne5 33. Ne3 Qh5 34. Ref2 Rd3 35. Qc1 Kh8 36. Rf5 Qe2 37. Ng2 Nf3+ 38. Kh1 Rd2 0-1

[Event "HUN-chT2 Toth 1819"]
[Site "Hungary"]
[Date "2019.03.31"]
[Round "10.6"]
[White "Puha, Peter"]
[Black "Balog, Imre"]
[Result "1/2-1/2"]
[WhiteElo "1953"]
[BlackElo "1895"]
[PlyCount "76"]
[EventDate "2018.09.23"]
[EventType "team-tourn"]
[EventRounds "11"]
[EventCountry "HUN"]
[SourceTitle "EXT 2021"]
[Source "ChessBase"]
[SourceDate "2020.10.23"]
[SourceVersion "1"]
[SourceVersionDate "2020.10.23"]
[SourceQuality "1"]
[WhiteTeam "Karcag"]
[BlackTeam "Bekes"]
[WhiteTeamCountry "HUN"]
[BlackTeamCountry "HUN"]

1. e4 c6 2. d4 d5 3. exd5 cxd5 4. c4 Nf6 5. Nc3 Nc6 6. Nf3 Bg4 7. Be3 e6 8. Be2 Be7 9. 0-0 0-0 10. h3 Bh5 11. Rc1 dxc4 12. g4 Bg6 13. Bxc4 a6 14. a3 Rc8 15. Bd3 Bxd3 16. Qxd3 Nd5 17. Rfd1 Bf6 18. Ne4 Be7 19. Nc5 Bxc5 20. dxc5 Nxe3 21. Qxe3 Qf6 22. Kg2 Rcd8 23. b4 Ne7 24. Qg5 Qxg5 25. Nxg5 Nd5 26. Ne4 Rd7 27. Kg3 Rfd8 28. Rd3 Kf8 29. Rcd1 Ke7 30. Ng5 h6 31. Nf3 Rc7 32. Ne5 Rb8 33. f4 b6 34. c6 Rbc8 35. f5 b5 36. Nxf7 Kxf7 37. fxe6+ Kxe6 38. Rxd5 Rxc6 1/2-1/2

[Event "HUN-chT2 Toth 1718"]
[Site "Hungary"]
[Date "2018.05.06"]
[Round "11.6"]
[White "Barcsi, Judit"]
[Black "Balog, Imre"]
[Result "1/2-1/2"]
[WhiteElo "2036"]
[BlackElo "1921"]
[PlyCount "51"]
[EventDate "2017.09.24"]
[EventType "team-tourn"]
[EventRounds "11"]
[EventCountry "HUN"]
[SourceTitle "EXT 2021"]
[Source "ChessBase"]
[SourceDate "2020.10.23"]
[SourceVersion "1"]
[SourceVersionDate "2020.10.23"]
[SourceQuality "1"]
[WhiteTeam "Felegyhaza Csongrad"]
[BlackTeam "Bekes"]
[WhiteTeamCountry "HUN"]
[BlackTeamCountry "HUN"]

1. e4 Nf6 2. Nc3 d5 3. exd5 Nxd5 4. Nxd5 Qxd5 5. c4 Qe4+ 6. Qe2 Qxe2+ 7. Nxe2 c5 8. Nc3 Bd7 9. Bd3 e6 10. b3 Be7 11. Ba3 0-0 12. 0-0 Bc6 13. Rad1 Rd8 14. Bb1 Bf8 15. Ne2 e5 16. f4 Nd7 17. fxe5 Nxe5 18. d4 cxd4 19. Bxf8 d3 20. Nf4 Rxf8 21. Nxd3 Ng4 22. Rfe1 Rfe8 23. Rxe8+ Rxe8 24. Re1 Ne3 25. Kf2 Ng4+ 26. Kg1 1/2-1/2

[Event "HUN-chT2 Toth 1617"]
[Site "Hungary"]
[Date "2017.01.29"]
[Round "7.5"]
[White "Balog, Imre"]
[Black "Valyi, Adel"]
[Result "1-0"]
[WhiteElo "1949"]
[BlackElo "1889"]
[PlyCount "105"]
[EventDate "2016.09.25"]
[EventType "team-tourn"]
[EventRounds "11"]
[EventCountry "HUN"]
[SourceTitle "EXT 2021"]
[Source "ChessBase"]
[SourceDate "2020.10.23"]
[SourceVersion "1"]
[SourceVersionDate "2020.10.23"]
[SourceQuality "1"]
[WhiteTeam "Bekes"]
[BlackTeam "Szeged Maroczy II"]
[WhiteTeamCountry "HUN"]
[BlackTeamCountry "HUN"]

1. d4 d5 2. Nf3 e6 3. g3 c5 4. c3 Nc6 5. Bg2 Nf6 6. 0-0 Be7 7. Bg5 c4 8. Nbd2 0-0 9. Bxf6 Bxf6 10. e4 g6 11. Ne1 b5 12. a4 b4 13. e5 Bg7 14. Nc2 Qa5 15. cxb4 Nxb4 16. Nxc4 Qc7 17. N4e3 Rb8 18. Rb1 Ba6 19. Nxb4 Bxf1 20. Nbxd5 exd5 21. Qxf1 Qa5 22. b3 Rfd8 23. Qd1 Rd7 24. Bf1 Re7 25. Bb5 Rxb5 26. axb5 Qxb5 27. Qc2 Re8 28. Ra1 a6 29. Qc3 Rb8 30. Ra5 Qxb3 31. Qxb3 Rxb3 32. Rxa6 Rb4 33. Nc2 Rc4 34. Ra2 Kf8 35. Kf1 Ke7 36. Ke2 Rc7 37. Ne3 Rd7 38. Ra5 Ke6 39. g4 Bh6 40. Nd1 Rc7 41. Ra6+ Ke7 42. Rd6 Rd7 43. Rxd7+ Kxd7 44. h4 Ke6 45. Nc3 Bc1 46. Kd3 Bf4 47. Ne2 Bh6 48. f4 Bf8 49. Ng3 Bb4 50. f5+ Kd7 51. h5 Ke7 52. Ne2 g5 53. Nc3 1-0

[Event "HUN-chT2 Toth 1617"]
[Site "Hungary"]
[Date "2016.11.13"]
[Round "4.6"]
[White "Balog, Imre"]
[Black "Csikos, Mihaly"]
[Result "1-0"]
[WhiteElo "1949"]
[BlackElo "2069"]
[PlyCount "83"]
[EventDate "2016.09.25"]
[EventType "team-tourn"]
[EventRounds "11"]
[EventCountry "HUN"]
[SourceTitle "EXT 2021"]
[Source "ChessBase"]
[SourceDate "2020.10.23"]
[SourceVersion "1"]
[SourceVersionDate "2020.10.23"]
[SourceQuality "1"]
[WhiteTeam "Bekes"]
[BlackTeam "Mako Duocor II"]
[WhiteTeamCountry "HUN"]
[BlackTeamCountry "HUN"]

1. d4 Nf6 2. Nf3 d5 3. c4 e6 4. g3 c6 5. b3 Ne4 6. Bg2 Bb4+ 7. Nfd2 Nxf2 8. Kxf2 Qf6+ 9. Nf3 c5 10. Bg5 Qg6 11. Qd3 f5 12. a3 Ba5 13. dxc5 0-0 14. cxd5 e5 15. Be7 e4 16. Qb5 exf3 17. Bxf3 Qe8 18. Qxe8 Rxe8 19. d6 Nc6 20. Bxc6 bxc6 21. b4 Bc7 22. Nd2 Ba6 23. Rhe1 Bd8 24. Bxd8 Raxd8 25. e4 Re5 26. Re3 Rf8 27. exf5 Rfxf5+ 28. Nf3 Rd5 29. g4 Rf8 30. Rae1 Bc8 31. h3 h5 32. Kg3 a5 33. Re5 hxg4 34. hxg4 Rd3 35. R1e3 Rd1 36. bxa5 Rc1 37. Rd3 Rf1 38. Re7 Ba6 39. Rde3 Rc1 40. Ra7 Bc4 41. Ree7 Bf7 42. Ng5 1-0

[Event "HUN-chT2 Toth 1617"]
[Site "Hungary"]
[Date "2016.09.25"]
[Round "1.5"]
[White "Balog, Imre"]
[Black "Campeanu, Alin Vivian"]
[Result "0-1"]
[WhiteElo "1949"]
[BlackElo "1837"]
[PlyCount "122"]
[EventDate "2016.09.25"]
[EventType "team-tourn"]
[EventRounds "11"]
[EventCountry "HUN"]
[SourceTitle "EXT 2021"]
[Source "ChessBase"]
[SourceDate "2020.10.23"]
[SourceVersion "1"]
[SourceVersionDate "2020.10.23"]
[SourceQuality "1"]
[WhiteTeam "Bekes"]
[BlackTeam "Gyula"]
[WhiteTeamCountry "HUN"]
[BlackTeamCountry "HUN"]

1. d4 Nf6 2. c4 e5 3. g3 exd4 4. Qxd4 Nc6 5. Qd1 Bb4+ 6. Bd2 Bxd2+ 7. Nxd2 d5 8. cxd5 Qxd5 9. Ngf3 0-0 10. Bg2 Ne5 11. 0-0 c6 12. Qc2 Bg4 13. Rfd1 Nxf3+ 14. Nxf3 Qe6 15. a3 Rfe8 16. Rd2 Rad8 17. Rad1 Rxd2 18. Rxd2 Qe7 19. e3 h6 20. Qa4 Ne4 21. Rd4 Nxf2 22. Qb3 Bxf3 23. Bxf3 Nh3+ 24. Kg2 Ng5 25. Bh5 Qxe3 26. Qxe3 Rxe3 27. Rd7 Rb3 28. Rd2 g6 29. Bd1 Rb5 30. h4 Ne4 31. Re2 Rd5 32. Bc2 Nf6 33. b4 Rd7 34. Kh3 h5 35. Kg2 Kf8 36. a4 Nd5 37. b5 Ne3+ 38. Kf3 Nxc2 39. Rxc2 cxb5 40. axb5 Rd5 41. b6 axb6 42. Rc7 Kg7 43. Rxb7 Rb5 44. Rb8 Kf6 45. Rb7 Rb4 46. Kg2 Ke6 47. Rb8 Kf5 48. Kh3 b5 49. Rb7 Kf6 50. Rb6+ Kg7 51. Rb7 Rb3 52. Kg2 b4 53. Kh3 Rb2 54. Rb6 b3 55. Rb7 Rb1 56. Rb6 Kf8 57. Rb7 b2 58. Kg2 Ke8 59. Kh2 Kd8 60. Kg2 Kc8 61. Rxf7 Rd1 0-1

[Event "HUN-chT2 Toth 1516"]
[Site "Hungary"]
[Date "2016.04.03"]
[Round "10.6"]
[White "Palasti, Ferenc"]
[Black "Balog, Imre"]
[Result "1/2-1/2"]
[WhiteElo "1933"]
[BlackElo "1972"]
[PlyCount "112"]
[EventDate "2015.09.13"]
[EventType "team-tourn"]
[EventRounds "11"]
[EventCountry "HUN"]
[SourceTitle "EXT 2017"]
[Source "ChessBase"]
[SourceDate "2016.10.25"]
[SourceVersion "1"]
[SourceVersionDate "2016.10.25"]
[SourceQuality "1"]
[WhiteTeam "Felegyhaza Csongrad"]
[BlackTeam "Bekes"]
[WhiteTeamCountry "HUN"]
[BlackTeamCountry "HUN"]

1. Nf3 d5 2. d4 Nf6 3. c4 e6 4. Nc3 Be7 5. Bf4 0-0 6. e3 a6 7. Rc1 c6 8. Be2 Nbd7 9. 0-0 Nh5 10. Be5 Nhf6 11. Bg3 dxc4 12. Bxc4 Nd5 13. a3 b5 14. Ba2 Bb7 15. Qc2 Rc8 16. Nxd5 cxd5 17. Qd3 Nb6 18. Ne5 Bf6 19. Ng4 Nc4 20. Rc2 Bh4 21. Bb1 f5 22. Ne5 Bxg3 23. hxg3 Qd6 24. f4 Rc7 25. g4 g6 26. gxf5 exf5 27. Qe2 Rfc8 28. Rf3 Qe6 29. Rf2 Nd6 30. Rxc7 Rxc7 31. Rf1 Nc4 32. Ba2 Kg7 33. g4 Nxe5 34. gxf5 Qxf5 35. fxe5 Qg5+ 36. Kh1 Qh4+ 37. Kg1 Qg3+ 38. Kh1 a5 39. Bb1 Bc8 40. Bd3 b4 41. axb4 axb4 42. Qf3 Qh4+ 43. Kg2 Qg5+ 44. Kh2 Qe7 45. Qf4 Be6 46. Kg3 Qd8 47. Qf6+ Qxf6 48. Rxf6 Bf7 49. Rb6 g5 50. Rxb4 h5 51. Rb6 Rc1 52. Bf5 h4+ 53. Kg2 Bh5 54. Rb7+ Kf8 55. Rb8+ Kg7 56. Rb7+ Kf8 1/2-1/2

[Event "HUN-chT2 Toth 1213"]
[Site "Hungary"]
[Date "2013.03.24"]
[Round "9.4"]
[White "Balog, Imre"]
[Black "Szekeres, Sebestyen"]
[Result "0-1"]
[WhiteElo "2007"]
[BlackElo "2073"]
[PlyCount "82"]
[EventDate "2012.09.16"]
[EventType "team-tourn"]
[EventRounds "11"]
[EventCountry "HUN"]
[SourceTitle "EXT 2014"]
[Source "ChessBase"]
[SourceDate "2013.11.20"]
[SourceVersion "1"]
[SourceVersionDate "2013.11.20"]
[SourceQuality "1"]
[WhiteTeam "Mezobereny"]
[BlackTeam "Felegyhaza Csongrad"]
[WhiteTeamCountry "HUN"]
[BlackTeamCountry "HUN"]

1. d4 d5 2. Nf3 e6 3. g3 f5 4. Bg2 Nf6 5. 0-0 Be7 6. c4 c6 7. cxd5 cxd5 8. Nc3 0-0 9. Bg5 Nc6 10. e3 Bd7 11. a3 a6 12. b4 b5 13. Nd2 Rc8 14. Rc1 Qb6 15. Bxf6 Rxf6 16. Nb3 g5 17. h3 Rg6 18. Qe2 Rf8 19. Nc5 Bxc5 20. dxc5 Qc7 21. Qd2 Ne5 22. Nd1 Bc6 23. Nb2 Rd8 24. Qd4 Nc4 25. Qc3 f4 26. exf4 gxf4 27. Nxc4 bxc4 28. g4 Rf8 29. Rfe1 f3 30. Bh1 h5 31. Qe5 Qxe5 32. Rxe5 hxg4 33. h4 Rf5 34. Rce1 Kf7 35. Kh2 Rxe5 36. Rxe5 c3 37. h5 Rg8 38. Kg3 Kf6 39. Kf4 c2 40. Re1 d4 41. Rc1 e5+ 0-1

[Event "HUN-chT2 Toth 1213"]
[Site "Hungary"]
[Date "2013.02.17"]
[Round "7.5"]
[White "Domany, Zsofia"]
[Black "Balog, Imre"]
[Result "1-0"]
[WhiteElo "2153"]
[BlackElo "2007"]
[PlyCount "65"]
[EventDate "2012.09.16"]
[EventType "team-tourn"]
[EventRounds "11"]
[EventCountry "HUN"]
[SourceTitle "EXT 2014"]
[Source "ChessBase"]
[SourceDate "2013.11.20"]
[SourceVersion "1"]
[SourceVersionDate "2013.11.20"]
[SourceQuality "1"]
[WhiteTeam "Mako II"]
[BlackTeam "Mezobereny"]
[WhiteTeamCountry "HUN"]
[BlackTeamCountry "HUN"]

1. e4 d6 2. d4 Nf6 3. Nc3 g6 4. f3 Bg7 5. Be3 b6 6. Qd2 c5 7. 0-0-0 cxd4 8. Bxd4 Nc6 9. Be3 Be6 10. Bb5 Bd7 11. Bh6 Bxh6 12. Qxh6 Ne5 13. Ba6 Qc7 14. Nge2 Qc5 15. Nd4 Nc6 16. Nb3 Qh5 17. Qd2 0-0 18. h4 Na5 19. Nd4 Qc5 20. h5 Nc4 21. Bxc4 Qxc4 22. g4 b5 23. Kb1 b4 24. Nce2 a5 25. Ng3 a4 26. g5 Ne8 27. Qh2 Ng7 28. hxg6 fxg6 29. Qxh7+ Kf7 30. Rh6 b3 31. Qxg6+ Kg8 32. Rdh1 bxa2+ 33. Ka1 1-0

[Event "HUN-chT2 Toth 1213"]
[Site "Hungary"]
[Date "2012.11.04"]
[Round "3.5"]
[White "Tamas, Kornel"]
[Black "Balog, Imre"]
[Result "1-0"]
[WhiteElo "1997"]
[BlackElo "2007"]
[PlyCount "131"]
[EventDate "2012.09.16"]
[EventType "team-tourn"]
[EventRounds "11"]
[EventCountry "HUN"]
[SourceTitle "EXT 2014"]
[Source "ChessBase"]
[SourceDate "2013.11.20"]
[SourceVersion "1"]
[SourceVersionDate "2013.11.20"]
[SourceQuality "1"]
[WhiteTeam "Gyula"]
[BlackTeam "Mezobereny"]
[WhiteTeamCountry "HUN"]
[BlackTeamCountry "HUN"]

1. d4 d5 2. Nf3 Nf6 3. g3 g6 4. Bg2 Bg7 5. c4 e6 6. 0-0 0-0 7. b3 c6 8. Bb2 Ne4 9. Nbd2 Nxd2 10. Qxd2 Nd7 11. Rfd1 b6 12. e4 dxe4 13. Ng5 Nf6 14. Nxe4 Nxe4 15. Bxe4 Bb7 16. Rac1 Qe7 17. c5 Rac8 18. f4 Rfd8 19. Qf2 Rd7 20. a4 Qd8 21. b4 a5 22. bxa5 bxc5 23. Rxc5 Bf8 24. Rc2 Qxa5 25. Ra1 c5 26. Bxb7 Rxb7 27. Rac1 Qxa4 28. dxc5 Rbc7 29. Rc4 Qd7 30. Qd4 Qxd4+ 31. Bxd4 Rc6 32. Kf1 Be7 33. Rb1 Kf8 34. Rc3 Ke8 35. Ke2 Kd7 36. Rd1 Ke8 37. Rb1 h5 38. Rbc1 Ra8 39. R3c2 Ra4 40. Be3 f6 41. Rb1 Ra8 42. Rb6 Rac8 43. Rxc6 Rxc6 44. Kd3 Kd7 45. Kc4 Ra6 46. Kb5 Ra3 47. Bd2 Rb3+ 48. Bb4 Kc7 49. Ra2 Kb7 50. Kc4 Rf3 51. c6+ Kxc6 52. Bxe7 h4 53. Bxf6 hxg3 54. hxg3 Rxg3 55. Ra6+ Kd7 56. Ra7+ Kc6 57. Rg7 Rg4 58. Be5 Rg1 59. Rc7+ Kb6 60. Bd4+ Kxc7 61. Bxg1 Kd6 62. Kd4 Ke7 63. Ke5 Kf7 64. Bc5 g5 65. fxg5 Kg6 66. Be3 1-0

[Event "HUN-chT2 Toth 1213"]
[Site "Hungary"]
[Date "2012.10.07"]
[Round "2.4"]
[White "Bozsik, Balazs"]
[Black "Balog, Imre"]
[Result "1-0"]
[WhiteElo "2099"]
[BlackElo "2007"]
[PlyCount "73"]
[EventDate "2012.09.16"]
[EventType "team-tourn"]
[EventRounds "11"]
[EventCountry "HUN"]
[SourceTitle "EXT 2014"]
[Source "ChessBase"]
[SourceDate "2013.11.20"]
[SourceVersion "1"]
[SourceVersionDate "2013.11.20"]
[SourceQuality "1"]
[WhiteTeam "Abony"]
[BlackTeam "Mezobereny"]
[WhiteTeamCountry "HUN"]
[BlackTeamCountry "HUN"]

1. d4 Nf6 2. c4 g6 3. Nc3 d5 4. cxd5 Nxd5 5. e4 Nxc3 6. bxc3 Bg7 7. Bc4 0-0 8. Ne2 e6 9. 0-0 b6 10. Be3 Bb7 11. f3 Nd7 12. Rb1 Qe7 13. Qc1 Rac8 14. Bg5 Bf6 15. Bh6 Bg7 16. Bxg7 Kxg7 17. Qe3 c5 18. Rfc1 Rfd8 19. Nf4 Nf6 20. Nd3 cxd4 21. cxd4 Qd7 22. Nf4 Qxd4 23. Qxd4 Rxd4 24. Bxe6 Rxc1+ 25. Rxc1 Ne8 26. Bb3 Rd7 27. Ba4 Rc7 28. Rd1 Bc6 29. Bb3 Rd7 30. Rc1 Bb5 31. h4 Nf6 32. e5 Ne8 33. a4 Ba6 34. Kh2 h6 35. Kg3 Nc7 36. e6 fxe6 37. Rxc7 1-0

[Event "HUN-chT2 Toth 1213"]
[Site "Hungary"]
[Date "2012.09.16"]
[Round "1.5"]
[White "Retkes, Peter"]
[Black "Balog, Imre"]
[Result "1-0"]
[WhiteElo "1807"]
[BlackElo "2007"]
[PlyCount "51"]
[EventDate "2012.09.16"]
[EventType "team-tourn"]
[EventRounds "11"]
[EventCountry "HUN"]
[SourceTitle "EXT 2014"]
[Source "ChessBase"]
[SourceDate "2013.11.20"]
[SourceVersion "1"]
[SourceVersionDate "2013.11.20"]
[SourceQuality "1"]
[WhiteTeam "Roszke II"]
[BlackTeam "Mezobereny"]
[WhiteTeamCountry "HUN"]
[BlackTeamCountry "HUN"]

1. f4 d5 2. Nf3 Bg4 3. e3 Bxf3 4. Qxf3 Nf6 5. b3 g6 6. Bb2 Bg7 7. d3 c6 8. Nd2 a5 9. g4 0-0 10. g5 Ne4 11. Bxg7 Nxd2 12. Kxd2 Kxg7 13. c3 Nd7 14. h4 f6 15. Qh3 e5 16. h5 Rh8 17. gxf6+ Kxf6 18. fxe5+ Nxe5 19. d4 Nd7 20. Bd3 Kg7 21. hxg6 hxg6 22. Qg3 Qf6 23. Raf1 Qe6 24. Bf5 Qf7 25. Bxd7 Qxd7 26. Qe5+ 1-0

[Event "HUN-chT2 Toth 1112"]
[Site "Hungary"]
[Date "2012.05.06"]
[Round "10.4"]
[White "Balog, Imre"]
[Black "Lovas, Daniel"]
[Result "0-1"]
[WhiteElo "2019"]
[BlackElo "2141"]
[PlyCount "120"]
[EventDate "2011.09.25"]
[EventType "team-tourn"]
[EventRounds "11"]
[EventCountry "HUN"]
[SourceTitle "EXT 2013"]
[Source "ChessBase"]
[SourceDate "2012.11.22"]
[SourceVersion "1"]
[SourceVersionDate "2012.11.22"]
[SourceQuality "1"]
[WhiteTeam "Mezobereny"]
[BlackTeam "Takisz"]
[WhiteTeamCountry "HUN"]
[BlackTeamCountry "HUN"]

1. d4 Nf6 2. Nf3 g6 3. g3 Bg7 4. Bg2 0-0 5. c4 d5 6. cxd5 Nxd5 7. 0-0 c5 8. e4 Nf6 9. Nc3 cxd4 10. Nxd4 Nxe4 11. Bxe4 Qxd4 12. Qxd4 Bxd4 13. Nd5 Nc6 14. Nc7 Rb8 15. Nb5 Bg7 16. Re1 Nd4 17. Nxd4 Bxd4 18. Rb1 b5 19. Bc6 Bf5 20. Be4 Bxe4 21. Rxe4 Bf6 22. b3 Rb7 23. Ba3 a5 24. Rbe1 b4 25. Bc1 Rc8 26. Bf4 Rc2 27. R4e2 Rxe2 28. Rxe2 Kg7 29. Rd2 Rb5 30. Bc7 g5 31. Rd7 e6 32. g4 Kg6 33. Kg2 h5 34. gxh5+ Kxh5 35. Rxf7 Bd4 36. h3 Kg6 37. Rf8 Rc5 38. Bb6 Rd5 39. Bxd4 Rxd4 40. Ra8 Rd5 41. Kg3 Kf5 42. f3 Kg6 43. Ra7 Kf6 44. Rh7 Kf5 45. Ra7 Kf6 46. Ra8 Kf5 47. Ra7 Kf6 48. h4 gxh4+ 49. Kxh4 Ke5 50. Kg4 Kd4 51. Rh7 Ke3 52. Re7 Rd4+ 53. Kg3 Rd6 54. f4 Kd3 55. Rg7 Rd5 56. Rg6 e5 57. f5 e4 58. Kf4 e3 59. f6 e2 60. f7 e1Q 0-1

[Event "HUN-chT2 Toth 1112"]
[Site "Hungary"]
[Date "2012.04.22"]
[Round "9.4"]
[White "Bodrogi, Laszlo"]
[Black "Balog, Imre"]
[Result "1-0"]
[WhiteElo "2054"]
[BlackElo "2019"]
[PlyCount "113"]
[EventDate "2011.09.25"]
[EventType "team-tourn"]
[EventRounds "11"]
[EventCountry "HUN"]
[SourceTitle "EXT 2013"]
[Source "ChessBase"]
[SourceDate "2012.11.22"]
[SourceVersion "1"]
[SourceVersionDate "2012.11.22"]
[SourceQuality "1"]
[WhiteTeam "Abony"]
[BlackTeam "Mezobereny"]
[WhiteTeamCountry "HUN"]
[BlackTeamCountry "HUN"]

1. e4 c6 2. d4 d5 3. exd5 cxd5 4. c4 Nf6 5. Nc3 e6 6. cxd5 Nxd5 7. Nf3 Nc6 8. Bd3 Be7 9. 0-0 0-0 10. Re1 Bf6 11. Be4 Nce7 12. Ne5 g6 13. Ng4 Bg7 14. Nh6+ Kh8 15. h4 Nxc3 16. bxc3 Nf5 17. Bxf5 exf5 18. Bg5 Bf6 19. Qb3 Be6 20. Qxb7 Bxg5 21. hxg5 Qxg5 22. Rxe6 Qxh6 23. Re7 Kg8 24. Rxf7 Rxf7 25. Qxa8+ Kg7 26. Qe8 Qd2 27. Qe5+ Kg8 28. Rb1 Qxa2 29. Rb8+ Rf8 30. Rb7 Rf7 31. Qb8+ Kg7 32. Rb2 Qc4 33. Qe5+ Kh6 34. d5 a5 35. d6 Rd7 36. Rd2 Qf7 37. Rd3 g5 38. Rf3 Kg6 39. g4 f4 40. Rh3 h6 41. c4 Rb7 42. c5 Qd7 43. Qf5+ Qxf5 44. gxf5+ Kxf5 45. c6 Rb1+ 46. Kg2 g4 47. Rxh6 f3+ 48. Kh2 Rf1 49. c7 Rxf2+ 50. Kg1 Rc2 51. Rh8 Rc1+ 52. Kf2 Rc2+ 53. Ke1 Kf4 54. c8Q Re2+ 55. Kf1 Kg3 56. Qc5 Ra2 57. Qe5# 1-0

[Event "HUN-chT2 Toth 1112"]
[Site "Hungary"]
[Date "2011.11.27"]
[Round "4.3"]
[White "Balog, Imre"]
[Black "Kerekes, Attila"]
[Result "0-1"]
[WhiteElo "2019"]
[BlackElo "2126"]
[PlyCount "68"]
[EventDate "2011.09.25"]
[EventType "team-tourn"]
[EventRounds "11"]
[EventCountry "HUN"]
[SourceTitle "EXT 2013"]
[Source "ChessBase"]
[SourceDate "2012.11.22"]
[SourceVersion "1"]
[SourceVersionDate "2012.11.22"]
[SourceQuality "1"]
[WhiteTeam "Mezobereny"]
[BlackTeam "Bekes"]
[WhiteTeamCountry "HUN"]
[BlackTeamCountry "HUN"]

1. d4 c5 2. Nf3 cxd4 3. Nxd4 e5 4. Nf3 e4 5. Nd4 d5 6. e3 Nf6 7. c4 Bb4+ 8. Bd2 Bxd2+ 9. Nxd2 0-0 10. cxd5 Qxd5 11. Bc4 Qg5 12. Bf1 Nbd7 13. Qc2 Nc5 14. h4 Qe5 15. Nc4 Qe7 16. Rc1 Bg4 17. Nb3 Rac8 18. Nxc5 Rxc5 19. a4 Nd5 20. Qb3 Rfc8 21. Qa3 a5 22. Rc2 Nb4 23. Rc3 Qd7 24. Qa1 Rd8 25. Be2 Bxe2 26. Kxe2 Qg4+ 27. Ke1 Qxg2 28. Rf1 Nd3+ 29. Ke2 Qf3+ 30. Kd2 Nxb2+ 31. Kc2 Nxc4 32. Kb3 Nd2+ 33. Ka3 Rxc3+ 34. Qxc3 Rd3 0-1

[Event "HUN-chT2 Toth 1011"]
[Site "Hungary"]
[Date "2011.05.01"]
[Round "10.6"]
[White "Borus, Andras"]
[Black "Balog, Imre"]
[Result "1-0"]
[WhiteElo "2101"]
[BlackElo "2015"]
[PlyCount "95"]
[EventDate "2010.09.12"]
[EventType "team-tourn"]
[EventRounds "11"]
[EventCountry "HUN"]
[SourceTitle "EXT 2012"]
[Source "ChessBase"]
[SourceDate "2011.11.24"]
[SourceVersion "1"]
[SourceVersionDate "2011.11.24"]
[SourceQuality "1"]
[WhiteTeam "Maroczy II"]
[BlackTeam "Mezobereny"]
[WhiteTeamCountry "HUN"]
[BlackTeamCountry "HUN"]

1. Nf3 d5 2. g3 g6 3. Bg2 Bg7 4. d3 Nf6 5. Nbd2 0-0 6. e4 dxe4 7. dxe4 c6 8. 0-0 Bg4 9. h3 Bxf3 10. Qxf3 Nbd7 11. Rb1 Ne5 12. Qe2 Qa5 13. a3 Rad8 14. Kh2 Qc7 15. f4 Ned7 16. e5 Nd5 17. e6 N7f6 18. exf7+ Rxf7 19. Nf3 Bh6 20. Ne5 Rff8 21. c4 Nb6 22. Be3 Nfd7 23. Nxd7 Nxd7 24. Bd4 Nf6 25. Bc3 Bg7 26. Rbe1 Rf7 27. Bf3 Qd7 28. Rd1 Qc7 29. Rxd8+ Qxd8 30. Rd1 Qc8 31. Qe3 b6 32. Rd2 Kf8 33. Qe2 Kg8 34. Bxf6 exf6 35. Rd6 Rc7 36. Qd3 Kf7 37. Bxc6 Bf8 38. Rd8 Qf5 39. Rxf8+ Kxf8 40. Qd8+ Kg7 41. Qxc7+ Kh6 42. Qd6 Qc2+ 43. Bg2 f5 44. Qf6 Qd2 45. h4 Qe2 46. h5 Qe8 47. Qg5+ Kg7 48. h6+ 1-0

[Event "HUN-chT2 Toth 1011"]
[Site "Hungary"]
[Date "2010.11.21"]
[Round "6.5"]
[White "Balog, Imre"]
[Black "Petro, Jozsef"]
[Result "0-1"]
[WhiteElo "2015"]
[BlackElo "2091"]
[PlyCount "106"]
[EventDate "2010.09.12"]
[EventType "team-tourn"]
[EventRounds "11"]
[EventCountry "HUN"]
[SourceTitle "EXT 2012"]
[Source "ChessBase"]
[SourceDate "2011.11.24"]
[SourceVersion "1"]
[SourceVersionDate "2011.11.24"]
[SourceQuality "1"]
[WhiteTeam "Mezobereny"]
[BlackTeam "Bekes"]
[WhiteTeamCountry "HUN"]
[BlackTeamCountry "HUN"]

1. Nf3 d6 2. b3 e5 3. Bb2 f5 4. g3 Nf6 5. Bg2 Be7 6. 0-0 0-0 7. d3 Qe8 8. e3 c6 9. c4 Nh5 10. c5 Nd7 11. cxd6 Bxd6 12. Nbd2 Nhf6 13. Nc4 Qe7 14. Qc1 Re8 15. Ng5 Nb6 16. Nxb6 axb6 17. Qc4+ Be6 18. Nxe6 Qxe6 19. Qc2 Ba3 20. d4 e4 21. Rfe1 Nd5 22. Bf1 b5 23. Qc1 Qd6 24. Qd2 Bxb2 25. Qxb2 Ra3 26. Rec1 Rea8 27. Rc5 g6 28. Rcc1 Nb4 29. Rc5 b6 30. Rcc1 Rxa2 31. Rxa2 Rxa2 32. Qc3 Ra5 33. h4 Ra7 34. d5 cxd5 35. Bxb5 Rf7 36. Ra1 Qc5 37. Ra8+ Rf8 38. Rxf8+ Qxf8 39. Bd7 Qe7 40. Qc8+ Kg7 41. h5 d4 42. Be6 dxe3 43. Qc3+ Kh6 44. Qxe3+ Kxh5 45. Qxb6 Nd3 46. Bg8 Qg7 47. Qd8 g5 48. Bc4 Qa1+ 49. Kh2 Qe1 50. Bf7+ Kg4 51. Qd4 Nxf2 52. Kg2 Nd1 53. Bc4 Ne3+ 0-1

[Event "HUN-chT2 Toth 0910"]
[Site "Hungary"]
[Date "2010.02.28"]
[Round "7.4"]
[White "Balog, Imre"]
[Black "Csikos, Mihaly"]
[Result "0-1"]
[WhiteElo "1999"]
[BlackElo "2135"]
[PlyCount "82"]
[EventDate "2009.11.08"]
[EventType "team-tourn"]
[EventRounds "11"]
[EventCountry "HUN"]
[SourceTitle "EXT 2011"]
[Source "ChessBase"]
[SourceDate "2010.11.26"]
[SourceVersion "1"]
[SourceVersionDate "2010.11.26"]
[SourceQuality "1"]
[WhiteTeam "Mezobereny"]
[BlackTeam "Roszke"]
[WhiteTeamCountry "HUN"]
[BlackTeamCountry "HUN"]

1. d4 d5 2. Nf3 Nf6 3. g3 e6 4. Bg2 Bd6 5. c4 c6 6. Nbd2 Nbd7 7. Qc2 0-0 8. 0-0 Re8 9. e4 Nxe4 10. Nxe4 dxe4 11. Qxe4 e5 12. Bg5 f6 13. Be3 exd4 14. Qxd4 Bc5 15. Qd2 Bxe3 16. fxe3 Qb6 17. Rfe1 Nc5 18. Nd4 Bg4 19. b4 Ne4 20. Bxe4 Rxe4 21. c5 Qc7 22. Rf1 Rae8 23. Rae1 Qe5 24. Rf4 Rxf4 25. gxf4 Qe4 26. Qg2 Qxd4 27. Qxg4 Rxe3 28. Rxe3 Qxe3+ 29. Kf1 Qc1+ 30. Kg2 Qc2+ 31. Kg1 Qg6 32. h3 Qxg4+ 33. hxg4 Kf7 34. Kg2 Ke6 35. Kf3 Kd5 36. Ke3 g6 37. Kd3 h5 38. f5 hxg4 39. fxg6 Ke6 40. Ke3 f5 41. Kf4 Kf6 0-1